000
00298nam a22001337a 4500
008
170315b xxu||||| |||| 00| 0 eng d
020
_a
9780321799173
041
_a
eng
080
_2
9 ED
_a
611
100
_a
7
101
_a
SHM
245
_a
HUMAN ANATOMY PHYSIOLOGY
_c
MARIEB.E.N
942
_2
udc
_c
BK
999
_c
7900
_d
7900